000 01950nam a2200385 a 4500
001 ebr10675131
003 CaPaEBR
006 m u
007 cr cn|||||||||
008 100422s2010 nyuad sb 001 0 eng d
010 _z 2010013740
020 _z9781616686758 (softcover)
020 _z9781617282256 (e-book)
040 _aCaPaEBR
_cCaPaEBR
035 _a(OCoLC)839305307
050 1 4 _aHD9710.A2
_bB526 2010eb
082 0 4 _a629.222068/7
_222
100 1 _aBinder, Mario.
245 1 0 _aSustainable supplier management in the automotive industry
_h[electronic resource] :
_bleading the 3rd revolution through collaboration /
_cMario Binder and Ben Clegg.
260 _aHauppauge, N.Y. :
_bNova Science Publishers,
_cc2010.
300 _axiv, 144 p. :
_bill.
490 1 _aTransportation issues, policies and R&D
504 _aIncludes bibliographical references and index.
505 0 _aIntroduction -- The collaborative economy -- The need for sustainable inter-organisational R&D collaboration in the car industry -- Theoretical perspectives of inter-organisational relationship governance -- An empirical study on inter-organisational R&D collaboration in the car industry -- A conceptual framework for sustainable supplier management -- Practical implications : leading the 3rd revolution -- Conclusion.
533 _aElectronic reproduction.
_bPalo Alto, Calif. :
_cebrary,
_d2013.
_nAvailable via World Wide Web.
_nAccess may be limited to ebrary affiliated libraries.
650 0 _aAutomobile industry and trade.
650 0 _aBusiness logistics.
650 0 _aStrategic planning.
650 0 _aBusiness networks.
655 7 _aElectronic books.
_2local
700 1 _aClegg, Ben.
710 2 _aebrary, Inc.
830 0 _aTransportation issues, policies and R&D series.
856 4 0 _uhttp://site.ebrary.com/lib/rucke/Doc?id=10675131
_zAn electronic book accessible through the World Wide Web; click to view
999 _c164154
_d164154